| 000 | 01161cam a2200241 4500 | ||
|---|---|---|---|
| 001 | ABS63215 | ||
| 008 | 000000n2000 000 0 eng u | ||
| 035 | _a(Sirsi) u109487 | ||
| 100 | _aBooth, P | ||
| 245 | _aFrench connection opens all channels | ||
| 260 | _c2000 | ||
| 490 |
_aPlanning (for the Natural and Built Environment) _v(1395) 17 November 2000, 12-13(2) |
||
| 520 | _aExamines the French planning system, and suggests that British practictioners can learn valuable lessons from the French approach to planning and implementing major infrastructure projects, such as the Channel Tunnel. Highlights the omnipresence of the state and the existence of communes as key advantages in French administration. Discusses the main land use plan in France (POS), and shows how the French have managed to achieve greater flexibility in their planning system. | ||
| 590 | _aABS | ||
| 650 | _aLAND USE PLANNING | ||
| 650 | _aCHANNEL TUNNEL | ||
| 650 | _aADMINISTRATION | ||
| 650 | _aPLANNING SYSTEM | ||
| 650 | _aINFRASTRUCTURE PROJECTS | ||
| 650 | _aFRANCE | ||
| 690 | _aENVIRONMENTAL AND LAND CONSULTANCY-PLANNING AND DEVELOPMENT | ||
| 942 | _n0 | ||
| 999 |
_c65366 _d65366 |
||